A combined harmony of the Gospels / (Record no. 4244)

MARC details
000 -LEADER
fixed length control field 01087cam a2200337Ia 4500
001 - CONTROL NUMBER
control field 239742
003 - CONTROL NUMBER IDENTIFIER
control field GBCCL
005 - DATE AND TIME OF LATEST TRANSACTION
control field 20241126110514.0
008 - FIXED-LENGTH DATA ELEMENTS--GENERAL INFORMATION
fixed length control field 960805s1996 miu 001 0 eng d
035 ## - SYSTEM CONTROL NUMBER
System control number (OCoLC)ocm35187145
035 ## - SYSTEM CONTROL NUMBER
System control number (OCoLC)35187145
040 ## - CATALOGING SOURCE
Original cataloging agency CDC
Language of cataloging eng
Transcribing agency CDC
Modifying agency WTS
-- GZQ
-- BAKER
-- YDXCP
-- SINLB
-- BDX
-- OCLCQ
-- OCLCO
-- OCLCA
-- OCLCQ
-- LBB
049 ## -
-- LBBT
050 #4 -
-- BS2560
-- .D36 1996
082 04 - DEWEY DECIMAL CLASSIFICATION NUMBER
Classification number 226.1
Edition information 21
Item number DAN
090 ## - LOCALLY ASSIGNED LC-TYPE CALL NUMBER (OCLC); LOCAL CALL NUMBER (RLIN)
Classification number (OCLC) (R) ; Classification number, CALL (RLIN) (NR) BS2560
Local cutter number (OCLC) ; Book number/undivided call number, CALL (RLIN) .D36 1996
100 ## - MAIN ENTRY--PERSONAL NAME
Personal name Daniel, Orville E.
9 (RLIN) 8049
130 0# -
-- Bible.
-- Gospels.
-- English.
-- New International.
-- 1996.
-- 8050
245 12 - TITLE STATEMENT
Title A combined harmony of the Gospels /
Statement of responsibility, etc. Orville E. Daniel.
250 ## - EDITION STATEMENT
Edition statement 2nd ed.
260 ## - PUBLICATION, DISTRIBUTION, ETC.
Place of publication, distribution, etc. Cocanada :
Name of publisher, distributor, etc. Baptist Book room,
Date of publication, distribution, etc. 1937.
300 ## - PHYSICAL DESCRIPTION
Extent 417 pages ;
Dimensions 23 cm
336 ## - CONTENT TYPE
Content type term text
Content type code txt
Source rdacontent
337 ## - MEDIA TYPE
Media type term unmediated
Media type code n
Source rdamedia
338 ## - CARRIER TYPE
Carrier type term volume
Carrier type code nc
Source rdacarrier
500 ## - GENERAL NOTE
General note Includes index.
630 00 - SUBJECT ADDED ENTRY--UNIFORM TITLE
Uniform title Bible.
Name of part/section of a work Gospels
Form subdivision Harmonies, English.
9 (RLIN) 3735
700 1# - ADDED ENTRY--PERSONAL NAME
Personal name Daniel, Orville E.
9 (RLIN) 8049
740 0# -
-- Interwoven harmony of the Gospels.
942 ## - ADDED ENTRY ELEMENTS (KOHA)
Source of classification or shelving scheme Dewey Decimal Classification
Koha item type Books
Koha issues (borrowed), all copies 4
Holdings
Withdrawn status Lost status Source of classification or shelving scheme Damaged status Not for loan Home library Current Library Shelving location Date acquired Total checkouts Total renewals Full call number Barcode Date last seen Date last checked out Copy number Price effective from Koha item type
    Dewey Decimal Classification     GRACE BIBLE COLLEGE GRACE BIBLE COLLEGE Biblical Studies 2018-01-17 6 1 226.1 DAN 001831 2025-05-01 2025-02-19 c.1 2018-01-17 Books
© Grace Bible College Library 2025